LIBRARY & INFORMATION CENTRE, KCAET, TAVANUR

ONLINE PUBLIC ACCESS CATALOGUE (OPAC)

Normal view MARC view
  • Anjana, S R.

Entry Personal Name

Number of records used in: 1

001 - CONTROL NUMBER

  • control field: 4291

003 - CONTROL NUMBER IDENTIFIER

  • control field: OSt

005 - DATE AND TIME OF LATEST TRANSACTION

  • control field: 20190930155227.0

008 - FIXED-LENGTH DATA ELEMENTS

  • fixed length control field: 190930|| aca||aabn | a|a d

040 ## - CATALOGING SOURCE

  • Original cataloging agency: OSt
  • Transcribing agency: OSt

100 ## - HEADING--PERSONAL NAME

  • Personal name: Anjana, S R.

670 ## - SOURCE DATA FOUND

  • Source citation: Work cat.: (OSt): Anjana, S R., Runoff Estimation of KCAET Campus by Curve Number Method Adopting Remote Sensing and GIS Techniques, 2019
free website counter